| 000 | 00440nam a2200169Ia 4500 | ||
|---|---|---|---|
| 005 | 20250423095641.0 | ||
| 008 | 250422s9999 xx 000 0 und d | ||
| 020 | _a81-7476-550-6 | ||
| 050 | _aBF 724.3 .B38/ | ||
| 100 | _aBatra, Promod | ||
| 245 | 0 | _aHow to trigger your positive thoughts : most problems are really the absence of ideas | |
| 260 | _aNew Delhi | ||
| 260 | _bUBSPD | ||
| 260 | _c2005 | ||
| 300 | _a150 p | ||
| 942 | _cBK | ||
| 999 |
_c30919 _d30919 |
||